[Event "CN Seniori 2012"]
[Site "Sarata Monteoru/Romania"]
[Date "2012.02.18"]
[Round "7.13"]
[White "Stegariu, Vlad-Ionut"]
[Black "Doros, Radu-Marian"]
[Result "0-1"]
[WhiteElo "2202"]
[BlackElo "2338"]
[PlyCount "180"]
[EventDate "2012.??.??"]
[TimeControl "5400"]

1. d4 Nf6 2. c4 g6 3. Nc3 d5 4. Nf3 Bg7 5. Bf4 O-O 6. e3 c5 7. dxc5 Ne4 8. Nxd5
Na6 9. Bd3 Nexc5 10. Be5 f6 11. Bc3 e6 12. Nf4 e5 13. Nd5 e4 14. Bc2 exf3 15.
Qxf3 Be6 16. Rd1 Bxd5 17. Rxd5 Qe7 18. O-O f5 19. Bxg7 Kxg7 20. a3 Nc7 21. Rdd1
Rad8 22. Qf4 N5e6 23. Qf3 Nc5 24. Qe2 a5 25. Qe1 Rxd1 26. Bxd1 b6 27. Bf3 Rd8
28. b4 axb4 29. axb4 Nd3 30. Qc3+ Qf6 31. Qa3 Ne5 32. c5 Nxf3+ 33. gxf3 bxc5
34. bxc5 Qc6 35. Kg2 Rd5 36. Rc1 h5 37. Qb4 Ne6 38. Qb2+ Kf7 39. Qh8 Rxc5 40.
Ra1 Nc7 41. Qh7+ Kf6 42. Qh8+ Ke6 43. Qg7 Qe8 44. Ra7 Qf7 45. Qh8 f4 46. Qc8+
Kd6 47. Qd8+ Kc6 48. e4 Qd7 49. Qf6+ Qd6 50. Qa1 Rg5+ 51. Kh1 Rb5 52. Ra3 Qe5
53. Rc3+ Kb7 54. Qc1 Kc8 55. Qc2 Rb6 56. Rd3 Qb2 57. Qc5 Qb1+ 58. Kg2 Rb5 59.
Qf8+ Kb7 60. Rc3 Rg5+ 61. Kh3 Qf1+ 62. Kh4 Rb5 63. Rxc7+ Kxc7 64. Qxf4+ Kc6 65.
Qf6+ Kc5 66. Qe5+ Kc4 67. Qg3 Qc1 68. f4 Qe1 69. e5 Qe4 70. f3 Qc2 71. Qe1
Qxh2+ 72. Kg5 Qg2+ 73. Kh6 Qxf3 74. Qc1+ Kd4 75. e6 Rb3 76. e7 Re3 77. Qc7 Qe4
78. Qb6+ Kd3 79. Qb5+ Kd2 80. Qg5 Qxe7 81. Qd5+ Kc3 82. Qa5+ Kd4 83. Qb6+ Kd5
84. Qb5+ Ke4 85. Qc4+ Kf5 86. Qd3+ Kg4 87. Qd1+ Kxf4 88. Qf1+ Rf3 89. Qc1+ Qe3
90. Qc7+ Kg4+ 0-1

[Event "CN Seniori 2012"]
[Site "Sarata Monteoru/Romania"]
[Date "2012.02.18"]
[Round "7.14"]
[White "Stanciu, Alexandru-Ovidiu"]
[Black "Baciu, Stefan"]
[Result "1-0"]
[WhiteElo "2314"]
[BlackElo "2222"]
[PlyCount "93"]
[EventDate "2012.??.??"]
[TimeControl "5400"]

1. e4 e5 2. Nf3 Nc6 3. Bb5 Nf6 4. O-O d6 5. Re1 Bd7 6. c4 Be7 7. Nc3 a6 8. Ba4
O-O 9. Nd5 Nxd5 10. cxd5 Nb8 11. d4 Bg4 12. dxe5 dxe5 13. h3 Bxf3 14. Qxf3 b5
15. Bc2 c5 16. Rd1 Qd6 17. Bd2 Nd7 18. b3 Rfc8 19. Qe2 Nb6 20. Rab1 Rcb8 21.
Bd3 Nd7 22. Bc3 Bf6 23. g3 Qb6 24. Kg2 Qd6 25. h4 Rc8 26. Rdc1 Nb6 27. Bb2 Nd7
28. Rc2 Rab8 29. Ba3 Qb6 30. Bc1 Be7 31. Be3 Qg6 32. Rh1 Qd6 33. Rhc1 f5 34.
exf5 Qxd5+ 35. f3 Nf6 36. Bf2 Nd7 37. a4 Qxb3 38. axb5 axb5 39. Rb2 Qa3 40.
Bxb5 Kh8 41. Rcb1 Nf6 42. Ra2 Qc3 43. Be1 Qd4 44. Rd2 Rxb5 45. Qxb5 Qe3 46. Qe2
Qa3 47. Ra2 1-0

[Event "CN Seniori 2012"]
[Site "Sarata Monteoru/Romania"]
[Date "2012.02.18"]
[Round "7.15"]
[White "Martian, Dragos-Daniel"]
[Black "Danilov, Vladimir"]
[Result "1-0"]
[WhiteElo "2074"]
[BlackElo "2440"]
[PlyCount "113"]
[EventDate "2012.??.??"]
[TimeControl "5400"]

1. e4 e5 2. Nf3 Nc6 3. Bb5 a6 4. Ba4 Nf6 5. Qe2 Qe7 6. c3 g6 7. O-O b5 8. Bb3
Bg7 9. Rd1 O-O 10. d3 d6 11. Nbd2 Na5 12. Bc2 c5 13. d4 cxd4 14. cxd4 Bh6 15.
Nf1 Bxc1 16. Raxc1 Bg4 17. d5 Nh5 18. N1d2 Rfc8 19. Bd3 Qa7 20. Qe3 Qxe3 21.
fxe3 b4 22. h3 Bd7 23. Kf2 Nf6 24. Ne1 Ba4 25. b3 Bd7 26. Rxc8+ Bxc8 27. Rc1
Rb8 28. Nc4 Nxc4 29. Rxc4 Bd7 30. Rc7 Bb5 31. Kf3 Ne8 32. Ra7 Bxd3 33. Nxd3 f5
34. exf5 gxf5 35. Nb2 Rb5 36. e4 Nf6 37. exf5 Rxd5 38. Rxa6 h5 39. g4 hxg4+ 40.
hxg4 Rd2 41. Nc4 e4+ 42. Kf4 Rf2+ 43. Kg5 Nh7+ 44. Kg6 d5 45. Ne5 Nf8+ 46. Kf6
Nh7+ 47. Ke7 Nf8 48. Ra8 e3 49. Rxf8+ Kh7 50. Kf6 Rxa2 51. Rf7+ Kg8 52. Rg7+
Kf8 53. Ng6+ Ke8 54. Re7+ Kd8 55. Rxe3 Rd2 56. Nf4 d4 57. Rd3 1-0

[Event "CN Seniori 2012"]
[Site "Sarata Monteoru/Romania"]
[Date "2012.02.18"]
[Round "7.16"]
[White "Balla, Tamas-Kristof"]
[Black "Craciun, Ovidiu"]
[Result "1-0"]
[WhiteElo "2380"]
[BlackElo "2060"]
[PlyCount "75"]
[EventDate "2012.??.??"]

1. f4 Nf6 2. Nf3 d5 3. g3 g6 4. Bg2 Bg7 5. d3 c5 6. O-O O-O 7. c3 Nc6 8. Na3 a6
9. Ne5 Qd6 10. Nxc6 bxc6 11. e4 Bg4 12. Qe1 Qd7 13. e5 Ne8 14. Be3 Rb8 15. Qf2
d4 16. cxd4 cxd4 17. Bxd4 Be2 18. Rfc1 Bxd3 19. Bxc6 Qf5 20. Qf3 h5 21. Rc3 Bb5
22. Nxb5 axb5 23. Bc5 b4 24. Rc4 Nc7 25. Rxb4 Na6 26. Rxb8 Rxb8 27. Bd4 Nb4 28.
Be4 Qd7 29. Bc3 e6 30. a3 Nd5 31. Rd1 Rd8 32. Bxd5 exd5 33. Kg2 Qb5 34. Qd3 Qb3
35. Rd2 Kh7 36. Ba5 Qxd3 37. Rxd3 Rd7 38. Bb4 1-0

[Event "CN Seniori 2012"]
[Site "Sarata Monteoru/Romania"]
[Date "2012.02.18"]
[Round "7.17"]
[White "Bida, Mihai-Eugen"]
[Black "Dobre, Claudiu-Cristian"]
[Result "1-0"]
[WhiteElo "2183"]
[BlackElo "2354"]
[PlyCount "86"]
[EventDate "2012.??.??"]
[TimeControl "5400"]

1. e4 e5 2. Nf3 Nc6 3. Bb5 d6 4. d4 Bd7 5. Nc3 Nf6 6. O-O Be7 7. Re1 O-O 8.
Bxc6 Bxc6 9. dxe5 dxe5 10. Qxd8 Raxd8 11. Nxe5 Bxe4 12. Nxe4 Nxe4 13. Nd3 f5
14. f3 Bc5+ 15. Nxc5 Nxc5 16. Bg5 Rd5 17. Be7 Na4 18. Bxf8 Kxf8 19. Rad1 Rxd1
20. Rxd1 Ke7 21. Rd5 b6 22. b3 Nc3 23. Rxf5 Nxa2 24. Re5+ Kf7 25. Re4 a5 26.
Kf2 c5 27. Ke1 Nc3 28. Re3 Nb5 29. Kd2 Nd6 30. c4 Kf6 31. Rd3 Ke6 32. Kc3 Ke7
33. Rd5 Ke6 34. Kb2 Ke7 35. Ka3 Ke6 36. Ka4 b5+ 37. Kxa5 bxc4 38. Rxd6+ Kxd6
39. bxc4 Ke5 40. f4+ Kxf4 41. Kb5 h5 42. Kxc5 Ke3 43. Kd5 h4 1-0

[Event "CN Seniori 2012"]
[Site "Sarata Monteoru/Romania"]
[Date "2012.02.18"]
[Round "7.18"]
[White "Dragomirescu, Robin-Alexandru"]
[Black "Malureanu, Costin-George"]
[Result "1/2-1/2"]
[WhiteElo "2340"]
[BlackElo "2139"]
[PlyCount "90"]
[EventDate "2012.??.??"]
[TimeControl "5400"]

1. e4 c5 2. Nf3 Nc6 3. Bb5 g6 4. Bxc6 dxc6 5. d3 Bg7 6. h3 Nf6 7. Nc3 c4 8. O-O
cxd3 9. cxd3 O-O 10. Be3 b6 11. Qd2 c5 12. d4 cxd4 13. Bxd4 Bb7 14. Qe3 e6 15.
a4 Qe7 16. a5 Rfc8 17. axb6 axb6 18. Bxb6 Nd7 19. Bd4 e5 20. Ba7 Nf6 21. Na4
Rc7 22. Bc5 Qe8 23. Nc3 Rxa1 24. Rxa1 Bxe4 25. Bd6 Rd7 26. Nxe4 Nxe4 27. Qxe4
Rxd6 28. b4 Rd8 29. Ra7 Qb5 30. Ng5 Bf8 31. Rxf7 Qxb4 32. Qf3 Qd2 33. Ne6 Qd1+
34. Kh2 Qxf3 35. Rxf3 Re8 36. Nxf8 Rxf8 37. Kg3 Re8 38. Kg4 Kg7 39. h4 Ra8 40.
Rb3 Ra4+ 41. Kg3 Kf6 42. Rb6+ Kf5 43. h5 Kg5 44. Rb5 Kxh5 45. Rxe5+ Kh6 1/2-1/2

[Event "CN Seniori 2012"]
[Site "Sarata Monteoru/Romania"]
[Date "2012.02.18"]
[Round "7.19"]
[White "Tomici, Stefan"]
[Black "Posedaru, Bogdan"]
[Result "1/2-1/2"]
[WhiteElo "2147"]
[BlackElo "2337"]
[PlyCount "36"]
[EventDate "2012.??.??"]

1. e4 e5 2. Nf3 Nf6 3. Nxe5 d6 4. Nf3 Nxe4 5. Nc3 Nxc3 6. dxc3 Be7 7. Be3 O-O
8. Qd2 Nc6 9. O-O-O Ne5 10. h4 Nxf3 11. gxf3 Be6 12. Kb1 c5 13. Bg5 d5 14. Rg1
Kh8 15. Bd3 c4 16. Be2 Re8 17. Qd4 f6 18. Be3 Qc7 1/2-1/2

[Event "CN Seniori 2012"]
[Site "Sarata Monteoru"]
[Date "2012.02.18"]
[Round "7.20"]
[White "Stegariu, Alexandru"]
[Black "Ciobanu, Aurelian"]
[Result "1-0"]
[WhiteElo "2122"]
[BlackElo "2276"]
[PlyCount "59"]
[EventDate "2012.02.13"]

1. d4 b6 2. Nd2 g6 3. Ngf3 Bg7 4. e4 c5 5. c3 Nc6 6. d5 Nb8 7. Bd3 e5 8. b4 d6
9. O-O f5 10. Bb5+ Ke7 11. bxc5 bxc5 12. Ng5 Nf6 13. f4 h6 14. fxe5 hxg5 15.
exf6+ Bxf6 16. Qe2 Kf7 17. exf5 gxf5 18. Bd3 Be5 19. Nf3 Bf6 20. Bxf5 Bxf5 21.
Nxg5+ Bxg5 22. Rxf5+ Bf6 23. Bg5 Nd7 24. Qe6+ Kg7 25. Raf1 Rf8 26. Bxf6+ Rxf6
27. Rxf6 Nxf6 28. g4 Ng8 29. Rf7+ Kh8 30. Qg6 1-0

[Event "CN Seniori 2012"]
[Site "Sarata Monteoru/Romania"]
[Date "2012.02.18"]
[Round "7.21"]
[White "Pessi, Emil-George"]
[Black "Telea, Stefan"]
[Result "0-1"]
[WhiteElo "2272"]
[BlackElo "2112"]
[PlyCount "56"]
[EventDate "2012.??.??"]

1. e4 d5 2. Nf3 dxe4 3. Ng5 e5 4. Nxe4 Nf6 5. Nbc3 Nxe4 6. Nxe4 Be6 7. d3 Be7
8. Bd2 O-O 9. Qh5 Nc6 10. c3 Qd5 11. h4 f6 12. Be2 Rad8 13. g4 f5 14. gxf5 Rxf5
15. Qg4 Rxf2 16. Qg3 Rf7 17. Rg1 Bf5 18. Ng5 Bxg5 19. Bxg5 Rdd7 20. O-O-O Qxa2
21. Bh5 g6 22. Bh6 e4 23. Be2 Qa1+ 24. Kc2 Qa4+ 25. Kc1 Qa6 26. dxe4 Qa1+ 27.
Kc2 Qa4+ 28. Kc1 Qxe4 0-1

[Event "CN Seniori 2012"]
[Site "Sarata Monteoru/Romania"]
[Date "2012.02.18"]
[Round "7.22"]
[White "Pop, Alexandru"]
[Black "Adoamnei, Roxana"]
[Result "1-0"]
[WhiteElo "2254"]
[BlackElo "2005"]
[PlyCount "83"]
[EventDate "2012.??.??"]

1. Nf3 c5 2. g3 Nc6 3. c4 e5 4. Nc3 g6 5. Bg2 Bg7 6. O-O Nge7 7. a3 a5 8. Ne1
d6 9. Nc2 O-O 10. Ne3 f5 11. Ned5 h6 12. d3 Kh7 13. Bd2 Be6 14. Rb1 Rf7 15.
Nxe7 Rxe7 16. Nd5 Re8 17. b4 cxb4 18. axb4 a4 19. b5 Nd4 20. Nc3 e4 21. Ra1 Nb3
22. Rxa4 Rxa4 23. Nxa4 Nxd2 24. Qxd2 d5 25. c5 Bd7 26. Rb1 d4 27. Qc2 Qa5 28.
c6 bxc6 29. Nc5 Bc8 30. b6 exd3 31. Nxd3 Ba6 32. Bxc6 Rb8 33. Qa4 Qxa4 34. Bxa4
Bxd3 35. exd3 Bf6 36. b7 Kg7 37. Bd7 Be5 38. Bc8 f4 39. g4 f3 40. Rb6 Bf4 41.
Re6 Kf7 42. Re4 1-0

[Event "CN Seniori 2012"]
[Site "Sarata Monteoru/Romania"]
[Date "2012.02.18"]
[Round "7.23"]
[White "Ursan, Cornel-Marius"]
[Black "Daianu, Cristian-Clement"]
[Result "0-1"]
[WhiteElo "1990"]
[BlackElo "2242"]
[PlyCount "76"]
[EventDate "2012.??.??"]

1. e4 c5 2. Nf3 d6 3. d4 cxd4 4. Nxd4 Nf6 5. Nc3 a6 6. Be3 Ng4 7. Bc1 Nc6 8.
Be2 Nf6 9. Be3 e6 10. Qd2 Be7 11. O-O Bd7 12. f4 O-O 13. Bf3 Qc7 14. Rad1 Na5
15. b3 Rac8 16. Nce2 e5 17. Nf5 Bxf5 18. exf5 e4 19. Bh5 Nxh5 20. g4 Nf6 21. g5
Ng4 22. Bd4 e3 23. Qe1 Qxc2 24. Bb6 Nc6 25. Rf3 Qxf5 26. Qh4 f6 27. Ng3 Nge5
28. fxe5 Qxf3 29. Rf1 Nxe5 30. Qh3 Qg4 31. Qg2 fxg5 32. Bxe3 Rxf1+ 33. Qxf1
Nf3+ 34. Kh1 Rc2 35. Bf2 Nh4 36. h3 Qf3+ 37. Kg1 d5 38. Nh1 Bc5 0-1

[Event "CN Seniori 2012"]
[Site "Sarata Monteoru/Romania"]
[Date "2012.02.18"]
[Round "7.25"]
[White "Prodileanu, Adrian"]
[Black "Deac, Bogdan-Daniel"]
[Result "1-0"]
[WhiteElo "2204"]
[BlackElo "1795"]
[PlyCount "83"]
[EventDate "2012.??.??"]

1. c4 Nf6 2. g3 g6 3. Bg2 Bg7 4. Nf3 O-O 5. O-O d6 6. Nc3 e5 7. d3 Re8 8. Bg5
h6 9. Bxf6 Bxf6 10. Rb1 Nd7 11. b4 Bg7 12. Qc2 f5 13. Nd2 Nf6 14. b5 Rb8 15.
Rfc1 Bd7 16. Nd5 c6 17. bxc6 bxc6 18. Rxb8 Qxb8 19. Rb1 Qc8 20. Nxf6+ Bxf6 21.
Qa4 Qc7 22. Qa6 Rb8 23. Rxb8+ Qxb8 24. Bxc6 Bxc6 25. Qxc6 Qb4 26. Nf1 f4 27.
Qa8+ Kh7 28. Qxa7+ Bg7 29. a4 e4 30. gxf4 exd3 31. exd3 d5 32. Qf7 dxc4 33.
Qxc4 Qe1 34. Qe4 Qa1 35. Kg2 Bd4 36. f5 gxf5 37. Qxf5+ Kh8 38. Qf6+ Kh7 39.
Qe7+ Kg8 40. Ng3 Qb2 41. Ne4 Be5 42. a5 1-0

[Event "CN Seniori 2012"]
[Site "Sarata Monteoru/Romania"]
[Date "2012.02.18"]
[Round "7.26"]
[White "Lupascu, Matei-Alexandru"]
[Black "Senetia, Teodor"]
[Result "1-0"]
[WhiteElo "1979"]
[BlackElo "2198"]
[PlyCount "91"]
[EventDate "2012.??.??"]

1. d4 Nf6 2. c4 c5 3. d5 e6 4. Nc3 exd5 5. cxd5 d6 6. e4 g6 7. f4 Bg7 8. Bb5+
Nfd7 9. a4 O-O 10. Nf3 Na6 11. O-O Nb4 12. h3 a6 13. Bc4 Nb6 14. Bb3 a5 15. Kh1
f5 16. e5 dxe5 17. fxe5 c4 18. Bg5 Qd7 19. Be3 N4xd5 20. Nxd5 Nxd5 21. Bxc4 Rd8
22. Bg5 Kh8 23. Bxd5 Re8 24. Bc4 Qc7 25. Bb5 Rf8 26. Rc1 Qf7 27. Qd6 h6 28. Rc7
Qe6 29. Be7 Qxd6 30. exd6 Be6 31. Bxf8 Rxf8 32. d7 Bxb2 33. Rc8 Rxc8 34.
dxc8=Q+ Bxc8 35. Re1 Kg7 36. Re8 g5 37. Rxc8 g4 38. hxg4 fxg4 39. Nd2 Kg6 40.
Rb8 Bd4 41. Rxb7 h5 42. Nc4 Kg5 43. Nxa5 Kf4 44. Rh7 Kg5 45. Nc6 Bc3 46. a5 1-0

[Event "CN Seniori 2012"]
[Site "Sarata Monteoru/Romania"]
[Date "2012.02.18"]
[Round "7.29"]
[White "David, Alexandru-Vasile"]
[Black "Voiteanu, Gabriel"]
[Result "0-1"]
[WhiteElo "1968"]
[BlackElo "2304"]
[PlyCount "44"]
[EventDate "2012.??.??"]

1. e4 d5 2. exd5 Qxd5 3. Nc3 Qa5 4. d4 c6 5. Bc4 Nf6 6. Bd2 Qd8 7. Nf3 Bf5 8.
Qe2 Bxc2 9. O-O e6 10. Ng5 Bf5 11. Bd3 Bxd3 12. Qxd3 Be7 13. Rae1 O-O 14. Re3
c5 15. d5 h6 16. Nxf7 Rxf7 17. Rxe6 Nc6 18. d6 Bf8 19. Ne4 Nxe4 20. Qxe4 Nd4
21. Rg6 Kh8 22. Bf4 Rxf4 0-1

[Event "CN Seniori 2012"]
[Site "Sarata Monteoru/Romania"]
[Date "2012.02.18"]
[Round "7.30"]
[White "Paval, George"]
[Black "Stoicescu, Horia"]
[Result "0-1"]
[WhiteElo "2229"]
[BlackElo "1909"]
[PlyCount "70"]
[EventDate "2012.??.??"]

1. c4 e5 2. g3 Nf6 3. Bg2 c6 4. d4 d6 5. Nc3 Nbd7 6. Nf3 Be7 7. O-O O-O 8. Qc2
a5 9. Rd1 Qc7 10. b3 Re8 11. Bb2 Bf8 12. e3 g6 13. c5 dxc5 14. dxe5 Ng4 15. Ne4
Bg7 16. Nd6 Re7 17. Nxf7 Ngxe5 18. N7xe5 Nxe5 19. Nxe5 Bxe5 20. Qc4+ Be6 21.
Bxe5 Qxe5 22. Qh4 Rae8 23. Rac1 Qb2 24. Qa4 Rf8 25. f3 Rd7 26. Qe4 Bf7 27. Rxd7
Qxc1+ 28. Bf1 b5 29. Qe7 c4 30. bxc4 bxc4 31. e4 c3 32. Kg2 Qb2+ 33. Kh3 Qxa2
34. Rd8 Qe6+ 35. Qxe6 Bxe6+ 0-1

[Event "CN Seniori 2012"]
[Site "Sarata Monteoru/Romania"]
[Date "2012.02.18"]
[Round "7.31"]
[White "Neagu, Mihai-Cosmin"]
[Black "Pribeanu, Mihail-Dacian"]
[Result "1/2-1/2"]
[WhiteElo "1918"]
[BlackElo "2186"]
[PlyCount "107"]
[EventDate "2012.??.??"]

1. c4 Nf6 2. Nc3 g6 3. g3 Bg7 4. Bg2 O-O 5. Nf3 d6 6. O-O e5 7. d3 Nc6 8. Rb1
h6 9. b4 a6 10. a4 Be6 11. b5 axb5 12. axb5 Ne7 13. Qb3 Nd7 14. Ba3 f5 15. Nd2
Rb8 16. Ra1 g5 17. Bb2 Nc5 18. Qc2 Qe8 19. Nb3 Nxb3 20. Qxb3 f4 21. Nd5 Nxd5
22. cxd5 Bg4 23. f3 Bh5 24. Bh3 g4 25. fxg4 Bg6 26. Bg2 Qd7 27. Bf3 Rf7 28.
gxf4 Rxf4 29. Bc1 Rxg4+ 30. Bxg4 Qxg4+ 31. Kh1 Qxe2 32. Qd1 Qxd3 33. Ra4 Qxd1
34. Rxd1 Bc2 35. Rg1 Bxa4 36. Bxh6 Kh7 37. Bxg7 Bb3 38. Rg3 Bxd5+ 39. Kg1 Rg8
40. Bf6 Bc4 41. Rxg8 Kxg8 42. Bd8 Bxb5 43. Bxc7 Kf7 44. Bxd6 Ke6 45. Bb4 Kd5
46. Kf2 Be8 47. Ke3 Bg6 48. h4 b5 49. Bc3 e4 50. Kd2 Kc4 51. Kc2 e3+ 52. Kb2
Bf7 53. Be1 Kd3 54. Ka3 1/2-1/2

[Event "CN Seniori 2012"]
[Site "Sarata Monteoru/Romania"]
[Date "2012.02.18"]
[Round "7.32"]
[White "Scripcaru, George-Daniel"]
[Black "Gulie, Cosmin"]
[Result "0-1"]
[WhiteElo "1907"]
[BlackElo "2133"]
[PlyCount "96"]
[EventDate "2012.??.??"]

1. e4 c5 2. Nc3 d6 3. f4 Nf6 4. Nf3 g6 5. Bb5+ Bd7 6. Bxd7+ Qxd7 7. d3 Bg7 8.
O-O O-O 9. Qe1 Nc6 10. h3 e6 11. Bd2 Rac8 12. Qh4 Nd4 13. Rac1 d5 14. e5 Nxf3+
15. Rxf3 Ne8 16. Rcf1 f5 17. Qe1 Rf7 18. Ne2 Qa4 19. Qb1 Bf8 20. b3 Qd7 21. c3
b5 22. d4 cxd4 23. Nxd4 Bc5 24. Qd3 Qb7 25. Kh2 Bxd4 26. Qxd4 Qa6 27. Ra1 Qa3
28. Bc1 Qc5 29. Qxc5 Rxc5 30. a4 bxa4 31. Rxa4 Rb7 32. b4 Rc4 33. Rd3 Nc7 34.
Bd2 Nb5 35. Ra5 Kf7 36. g3 h5 37. h4 Ke7 38. Be3 Kd7 39. Bc5 Nxc3 40. Rxa7 Rxa7
41. Bxa7 Ne4 42. Rb3 Rc2+ 43. Kg1 Rc3 44. Rb2 Rxg3+ 45. Kf1 Ra3 46. Bd4 Rd3 47.
Bc5 Rd1+ 48. Kg2 Rd2+ 0-1

[Event "CN Seniori 2012"]
[Site "Sarata Monteoru/Romania"]
[Date "2012.02.18"]
[Round "7.33"]
[White "Neagu, Liviu"]
[Black "Morea, Georgiana-Steluta"]
[Result "0-1"]
[WhiteElo "2122"]
[BlackElo "1882"]
[PlyCount "68"]
[EventDate "2012.??.??"]

1. e4 c5 2. Nf3 e6 3. d4 cxd4 4. Nxd4 a6 5. c4 Nf6 6. Nc3 d6 7. Be2 Be7 8. O-O
O-O 9. Be3 Nc6 10. Rc1 h6 11. Kh1 Bd7 12. f4 Rc8 13. b3 e5 14. Nf5 Bxf5 15.
exf5 Re8 16. g4 exf4 17. Bxf4 Ne5 18. h3 Qb6 19. Kh2 Qc6 20. Qd4 Bd8 21. Rcd1
b5 22. Qxd6 Qxd6 23. Rxd6 bxc4 24. b4 Be7 25. Rxa6 Bxb4 26. Nb5 Nd3 27. Bxd3
cxd3 28. Nd6 Re2+ 29. Kh1 Rd8 30. Rd1 Bxd6 31. Rxd3 Ne4 32. Raxd6 Nxd6 33. Bxd6
Rc8 34. Be5 Rcc2 0-1

[Event "CN Seniori 2012"]
[Site "Sarata Monteoru/Romania"]
[Date "2012.02.18"]
[Round "7.34"]
[White "Motounu, Vlad-Stefan"]
[Black "Manole, Stefan"]
[Result "1/2-1/2"]
[WhiteElo "1888"]
[BlackElo "2082"]
[PlyCount "160"]
[EventDate "2012.??.??"]

1. d4 d5 2. Nf3 Nf6 3. c4 c6 4. Nc3 e6 5. cxd5 exd5 6. Bg5 Be7 7. Qc2 O-O 8. e3
Be6 9. Bd3 h6 10. Bh4 Nbd7 11. O-O Rc8 12. Qe2 c5 13. dxc5 Nxc5 14. Rac1 d4 15.
Bxf6 Bxf6 16. Ne4 Nxd3 17. Qxd3 dxe3 18. Nxf6+ Qxf6 19. Qxe3 Rxc1 20. Rxc1 Qxb2
21. a4 Rd8 22. h3 b6 23. Kh2 Qb3 24. Qe4 Qd5 25. Qh4 Bf5 26. Re1 Qd6+ 27. Kg1
Rc8 28. Nd4 Bd7 29. Nb5 Bxb5 30. axb5 Rc5 31. Qe4 Qd5 32. Qe8+ Kh7 33. Qb8 Rxb5
34. Qxa7 Rb2 35. Qe7 b5 36. Qh4 b4 37. Qe4+ Qxe4 38. Rxe4 Rb1+ 39. Kh2 Kg6 40.
Re5 Kf6 41. Re4 b3 42. Re3 g5 43. g4 Kg6 44. Kg2 h5 45. Rf3 h4 46. Re3 f6 47.
Rc3 Kf7 48. Re3 Kf8 49. Kh2 Rb2 50. Kg2 Kf7 51. Kg1 Rb1+ 52. Kg2 Kf8 53. Kh2
Rf1 54. Rxb3 Rxf2+ 55. Kg1 Ra2 56. Rb7 Re2 57. Rc7 Re7 58. Rc5 Ke8 59. Rf5 Re6
60. Kg2 Ke7 61. Kg1 Re5 62. Rf3 Ke6 63. Kg2 f5 64. gxf5+ Rxf5 65. Ra3 Rb5 66.
Ra4 Kf5 67. Rg4 Rb2+ 68. Kg1 Re2 69. Kh1 Re4 70. Rg2 Kf4 71. Rg4+ Kf5 72. Rg2
Rf4 73. Kg1 Kf6 74. Kh1 Rf5 75. Kh2 Ke5 76. Rg4 Kf6 77. Kh1 Rf1+ 78. Kh2 Ra1
79. Kg2 Kf5 80. Kh2 Re1 1/2-1/2

[Event "CN Seniori 2012"]
[Site "Sarata Monteoru/Romania"]
[Date "2012.02.18"]
[Round "7.35"]
[White "Tiron, Lucian-Ilie"]
[Black "Popescu, Daniel-Vasilica"]
[Result "1-0"]
[WhiteElo "1846"]
[BlackElo "2069"]
[PlyCount "81"]
[EventDate "2012.??.??"]

1. e4 c5 2. Nc3 Nc6 3. g4 d6 4. Bg2 e6 5. d3 Be7 6. Nge2 h5 7. gxh5 Rxh5 8. Ng3
Rh7 9. Be3 Qa5 10. Qd2 Bd7 11. a3 Nf6 12. Bg5 Nd4 13. O-O-O Rb8 14. Nce2 Nxe2+
15. Qxe2 c4 16. Bd2 cxd3 17. Qxd3 Qc7 18. Bc3 Rc8 19. e5 dxe5 20. Ne4 Nd5 21.
Nd6+ Bxd6 22. Bxd5 exd5 23. Qxh7 d4 24. Bb4 g6 25. Qh8+ Ke7 26. Qxe5+ Kd8 27.
Qf6+ Ke8 28. Qh8+ Ke7 29. Bxd6+ Qxd6 30. Rhe1+ Be6 31. Qxc8 Kf6 32. Rxe6+ fxe6
33. Qh8+ Kf7 34. Qxd4 Qxh2 35. Qd7+ Kf6 36. Qd8+ Kf5 37. Qf8+ Kg5 38. Qc5+ Kf6
39. Qc3+ e5 40. Qf3+ Ke6 41. Qg4+ 1-0

[Event "CN Seniori 2012"]
[Site "Sarata Monteoru/Romania"]
[Date "2012.02.18"]
[Round "7.36"]
[White "Tufa, Mihai"]
[Black "Patrascu, Catalin-Lucian"]
[Result "1-0"]
[WhiteElo "2044"]
[BlackElo "1816"]
[PlyCount "99"]
[EventDate "2012.??.??"]

1. e4 Nf6 2. Nc3 e5 3. Nf3 Bb4 4. a3 Bxc3 5. dxc3 O-O 6. Bg5 h6 7. Bh4 d6 8.
Qd2 Na6 9. O-O-O Nxe4 10. Qd5 Nf6 11. Bxf6 Qxf6 12. Bxa6 c6 13. Qxd6 Qf4+ 14.
Kb1 bxa6 15. Qxe5 Qa4 16. Rd4 Qb5 17. Rb4 Qxe5 18. Nxe5 Be6 19. Nxc6 Rfe8 20.
Nd4 Bd5 21. f3 Rad8 22. c4 Ba8 23. c3 h5 24. h4 Rc8 25. Kc2 Bc6 26. Nxc6 Rxc6
27. Rd1 Re2+ 28. Rd2 Re1 29. Rb8+ Kh7 30. Rb7 Rxc4 31. Rxf7 Rxh4 32. g3 Rh3 33.
Rg2 Rf1 34. c4 Kg6 35. Rf4 Re1 36. c5 a5 37. c6 Re7 38. Rc4 Rc7 39. Kb3 Rh1 40.
Rd2 Rf1 41. Rc3 Re1 42. Rd5 Re6 43. Rdc5 Re2 44. Rxa5 Rg2 45. Rb5 Rxg3 46. Rb7
Rc8 47. c7 h4 48. Rb8 Rxc7 49. Rxc7 Rxf3+ 50. Rc3 1-0

[Event "CN Seniori 2012"]
[Site "Sarata Monteoru/Romania"]
[Date "2012.02.18"]
[Round "7.38"]
[White "Tudose, Cristian"]
[Black "Anuta, Elefterie-Laurentiu"]
[Result "0-1"]
[WhiteElo "1854"]
[BlackElo "2017"]
[PlyCount "118"]
[EventDate "2012.??.??"]

1. b3 e6 2. Bb2 Nf6 3. e3 d5 4. Nf3 Bd6 5. Be2 O-O 6. O-O Nbd7 7. d3 e5 8. c4
c6 9. Na3 Qe7 10. Nc2 a5 11. a4 h6 12. Nh4 Nc5 13. Na3 e4 14. g3 g5 15. Ng2
Nxd3 16. Bxd3 exd3 17. Qxd3 Be5 18. Bxe5 Qxe5 19. f4 Qe4 20. Qxe4 Nxe4 21. cxd5
cxd5 22. Rfd1 Be6 23. Nb5 Rac8 24. Nd4 Rc3 25. f5 Bd7 26. Ra2 Rfc8 27. Re2 Kg7
28. Rf1 Kf6 29. g4 Ke7 30. Rd1 Kd6 31. Ne1 Nf6 32. h3 Ne4 33. Kg2 R3c5 34. Nd3
Rc3 35. Kf3 R8c7 36. Nf2 Nc5 37. Rb1 Na6 38. h4 Nb4 39. hxg5 hxg5 40. Rh1 Nc2
41. Rh6+ Ke7 42. Nxc2 Rxc2 43. e4 R7c3+ 44. Re3 dxe4+ 45. Kxe4 Bc6+ 46. Kd4+
Rxe3 47. Kxe3 Rc3+ 48. Kd4 Rxb3 49. Nd3 Bxa4 50. Nc5 Rb4+ 51. Ke5 Be8 52. Rd6
Bc6 53. f6+ Ke8 54. Rd2 Rf4 55. Rh2 Kd8 56. Rh8+ Kc7 57. Rf8 Kb6 58. Nd3 Re4+
59. Kd6 Re6# 0-1

[Event "CN Seniori 2012"]
[Site "Sarata Monteoru/Romania"]
[Date "2012.02.18"]
[Round "7.40"]
[White "Jugaru, Lucian"]
[Black "Rusa, Antonio"]
[Result "1/2-1/2"]
[WhiteElo "2013"]
[BlackElo "1902"]
[PlyCount "100"]
[EventDate "2012.??.??"]

1. Nf3 Nf6 2. g3 g6 3. Bg2 Bg7 4. O-O O-O 5. d3 d6 6. e4 e5 7. a4 Nh5 8. c3 f5
9. exf5 Bxf5 10. Qb3+ Kh8 11. Qxb7 Nd7 12. Ng5 Rb8 13. Qd5 Qe7 14. Ne4 Nhf6 15.
Nxf6 Nxf6 16. Qf3 a5 17. Qe2 d5 18. Bg5 c6 19. c4 Rb3 20. Rd1 Rfb8 21. Rd2 Qb4
22. Bxf6 Bxf6 23. cxd5 cxd5 24. Ra2 e4 25. dxe4 dxe4 26. Nc3 Bxc3 27. bxc3 Rb1+
28. Rd1 Qxc3 29. Rad2 Rxd1+ 30. Rxd1 Rb2 31. Qa6 Rd2 32. Rb1 Qd4 33. Rf1 Rd1
34. Qxa5 Rxf1+ 35. Bxf1 e3 36. Qa8+ Kg7 37. Qb7+ Kh6 38. Qf3 e2 39. Qxe2 Qxa4
40. Qe3+ Kg7 41. Qe7+ Kg8 42. Qd8+ Kf7 43. Qc7+ Qd7 44. Bc4+ Kf6 45. Qb6+ Kg7
46. Qb2+ Kh6 47. Qc1+ g5 48. Qe3 Qd1+ 49. Kg2 Qc2 50. Be2 Qe4+ 1/2-1/2

[Event "CN Seniori 2012"]
[Site "Sarata Monteoru/Romania"]
[Date "2012.02.18"]
[Round "7.41"]
[White "Vrencian, Lehel"]
[Black "Mongescu, Lucian"]
[Result "1-0"]
[WhiteElo "1874"]
[BlackElo "1984"]
[PlyCount "67"]
[EventDate "2012.??.??"]

1. e4 d5 2. exd5 Qxd5 3. Nc3 Qa5 4. Bc4 Nf6 5. d3 c6 6. Bd2 Bf5 7. Qe2 Qc7 8.
h3 Nbd7 9. Nf3 Nb6 10. Bb3 Bg6 11. Ne5 e6 12. f4 O-O-O 13. O-O-O Bc5 14. g4 Bd4
15. h4 h6 16. Nxg6 fxg6 17. Bxe6+ Kb8 18. Qf3 Rhe8 19. Rde1 Ka8 20. f5 Nbd5 21.
Nxd5 cxd5 22. c3 a6 23. Kb1 Bc5 24. g5 hxg5 25. hxg5 Nd7 26. Bf4 Bd6 27. Bxd6
Qxd6 28. Qxd5 Qxd5 29. Bxd5 gxf5 30. d4 Rf8 31. Re7 Kb8 32. Be6 Kc7 33. Rxg7
Kd6 34. Rh6 1-0

[Event "CN Seniori 2012"]
[Site "Sarata Monteoru/Romania"]
[Date "2012.02.18"]
[Round "7.42"]
[White "Toma, Mihail"]
[Black "Carapit, Vasile"]
[Result "1/2-1/2"]
[WhiteElo "1964"]
[BlackElo "1849"]
[PlyCount "57"]
[EventDate "2012.??.??"]

1. d4 e6 2. Nf3 d5 3. c3 Nf6 4. Bg5 h6 5. Bh4 Be7 6. e3 Nbd7 7. Nbd2 a6 8. a4
c5 9. Bd3 Qb6 10. Rb1 O-O 11. O-O Qd8 12. Ne5 c4 13. Bc2 Nxe5 14. dxe5 Nd7 15.
Bxe7 Qxe7 16. f4 f6 17. exf6 Nxf6 18. Nf3 Ng4 19. Qd4 Bd7 20. h3 Nf6 21. Ne5
Qe8 22. Ra1 Qc8 23. g4 Be8 24. Kh2 Nd7 25. Nxd7 Qxd7 26. Rg1 Qf7 27. g5 h5 28.
Raf1 g6 29. e4 1/2-1/2